| 000 | 00371nam a22001457a 4500 | ||
|---|---|---|---|
| 020 | _a0821333194 | ||
| 082 |
_a370.116 _bBUS _cD |
||
| 100 |
_aSerageldin, ismail., _937652 |
||
| 245 | _aThe business of sustainable cities/ | ||
| 260 |
_aUSA _bESD _cc1994 |
||
| 300 | _aviii, 31p. : | ||
| 526 |
_a0 _b0 _c0 _d370_116000000000000_BUS |
||
| 650 |
_aMCE _9379 |
||
| 942 |
_2ddc _cBK |
||
| 999 |
_c542888 _d542888 |
||